000 00958nam a22003137a 4500
003 CHAP
005 20220329141525.0
008 971013s1987 r 00010 d
010 _a69553
011 _a70525
035 _a80006
040 _cCHAP
082 _a519.5
_bR5
100 0 0 _aRice, John A.
_997225
245 _aMathematical statistics and data analysis
260 _aPacific Grove, Ca :
_bWadsworth,
_c1987
300 _a594 p.
500 _a34-211
590 _aBATCH-UPD
_b10
_c20130110
_lUCH01
_h0346
590 _aBATCH-UPD
_b10
_c20130110
_lUCH01
_h1739
590 _aBATCH-UPD
_b10
_c20130410
_lUCH01
_h0019
590 _aBATCH-UPD
_b10
_c20130914
_lUCH01
_h0348
590 _aCONVERSION
_b10
_c20130109
_lUCH01
_h1338
650 1 4 _aAnálisis estadístico.
_95984
650 1 4 _aEstadística matemática.
_938261
901 _aBK
942 _cLIBRO
949 _a519.5 R5
_bBC
_cLIBRO
_d33724000388799
_eLIBRO
_gI.146841
_h75822
_i80006
_si
_t154.00
999 _c69553
_d69553